| 000 | 01275nam a2200241Ia 4500 | ||
|---|---|---|---|
| 003 | Ost | ||
| 005 | 20260507074939.0 | ||
| 008 | 260507s9999||||xx |||||||||||||| ||und|| | ||
| 020 | _a9957114026 | ||
| 040 | _cfsecg | ||
| 041 | _aara | ||
| 082 | _a339 | ||
| 100 |
_aحسين، مجيد علي _eمؤلف |
||
| 245 | 0 |
_aمقدمة في التحليل الاقتصادي الكلي / _c مجيد علي حسين |
|
| 260 |
_aعمان: _bدار وائل للنشر و التوزيع, _c2004 |
||
| 300 |
_a397 صفحة؛ _bإيضاحات ؛ _c24 سم |
||
| 504 | _aبيبليوغرافيا ص.397 | ||
| 520 | _a-مفاهيم اقتصادية -المشكلة الاقتصادية -اساسيات الطلب،العرض وتوازن السوق -معنى الدخل القومي وقياسه -محددات الدخل القومي -محددات الدخل القومي -تحديد المستوى التوازني للدخل -المستوى التوازني للدخل والتوظيف الكامل -التغيرات في المستوى التوازني للدخل ونظرية الم | ||
| 653 | _aالاقتصاد الكلي | ||
| 653 | _aالسياسة الاقتصادية | ||
| 700 |
_aعفاف، عبد الجبار سعيد _eمؤلف ثانوي |
||
| 942 | _cكتاب | ||
| 999 |
_c41911 _d41911 |
||